[Event "EU-ch Hybrid U10"]
[Site "Tornelo INT"]
[Date "2021.10.15"]
[Round "9"]
[White "Golubovic, Erik"]
[Black "Emanuilov, Radoslav"]
[Result "1-0"]
[WhiteElo "1323"]
[BlackElo "1166"]
[PlyCount "141"]
[EventDate "2021.10.15"]
[EventType "swiss"]
[EventRounds "9"]
[EventCountry "NET"]
[SourceTitle "EXT 2023"]
[Source "ChessBase"]
[SourceDate "2022.10.05"]
[SourceVersion "1"]
[SourceVersionDate "2022.10.05"]
[SourceQuality "1"]
[WhiteTeam "Croatia"]
[BlackTeam "Bulgaria"]
[WhiteTeamCountry "CRO"]
[BlackTeamCountry "BUL"]

1. e4 c5 2. Nf3 a6 3. c4 Nc6 4. d4 cxd4 5. Nxd4 Nf6 6. Nxc6 bxc6 7. e5 Qa5+ 8. Nc3 Qxe5+ 9. Be2 e6 10. 0-0 Bb4 11. Bd2 0-0 12. a3 Bc5 13. Na4 Bd4 14. Bc3 Bxc3 15. Nxc3 d5 16. Re1 Rb8 17. cxd5 cxd5 18. Bxa6 Qd6 19. Bxc8 Rfxc8 20. Qd4 Rc4 21. Qd2 d4 22. Ne4 Nxe4 23. Rxe4 f5 24. Re2 e5 25. Qd3 Qe6 26. Rxe5 Qxe5 27. Qxc4+ Kh8 28. g3 h6 29. Rd1 Rxb2 30. Qxd4 Qe2 31. Rf1 Ra2 32. Qc3 Rc2 33. Qe3 Qa6 34. Qe7 f4 35. Qf8+ Kh7 36. Qf5+ Qg6 37. Qxg6+ Kxg6 38. Ra1 fxg3 39. hxg3 Rc5 40. a4 Ra5 41. Kg2 Kg5 42. Kf3 Kf5 43. Ke3 Ke5 44. Kd3 Kd5 45. Kc3 Kc5 46. Kb3 Kb6 47. Kb4 Rf5 48. Ra2 Ka6 49. Re2 Rf6 50. Re7 g5 51. Re2 Rc6 52. f4 gxf4 53. gxf4 Rf6 54. Rf2 Rf5 55. Kc4 Ka5 56. Kd4 Kxa4 57. Ke4 Rf8 58. Ke5 Kb5 59. Ke6 Kc6 60. Rc2+ Kb7 61. f5 h5 62. f6 h4 63. Ke7 Rh8 64. f7 Rh7 65. Ke8 h3 66. f8Q h2 67. Qb4+ Ka8 68. Ra2+ Ra7 69. Rxa7+ Kxa7 70. Qh4 h1Q 71. Qxh1 1-0